Sports Quiz

Random Sports or Soccer Quiz

MLS Teams by Logo Quiz Stats

 Plays Quiz Updated Jan 19, 2017

Also try: NFL Logos
Challenge
Share
Tweet
Score 0/22 Timer 04:00
3 Plays Today
% Correct
Chicago Fire
92.4%
Seattle Sounders
91.3%
New York Red Bulls
89.2%
Los Angeles Galaxy
87.5%
New England Revolution
86%
Portland Timbers
84.2%
New York City FC
81.4%
Real Salt Lake
79.9%
Toronto FC
76.8%
FC Dallas
73.7%
DC United
71.3%
% Correct
Houston Dynamo
71%
Orlando City SC
70.5%
Montreal Impact
69.5%
Vancouver Whitecaps
68.7%
Columbus Crew SC
68.1%
Colorado Rapids
66.6%
Atlanta United FC
65.7%
Sporting Kansas City
65.7%
Philadelphia Union
55.7%
San Jose Earthquakes
50.6%
Minnesota United FC
48.6%

You're not logged in!

Compare scores with friends on all Sporcle quizzes.
Join for Free
OR
Log In

You Might Also Like...

Show Comments

Extras

Top Quizzes Today


Score Distribution

Your Account Isn't Verified!

In order to create a playlist on Sporcle, you need to verify the email address you used during registration. Go to your Sporcle Settings to finish the process.

Report this User

Report this user for behavior that violates our Community Guidelines.

Details: